000 01072nam a2200337Ia 4500
001 Z_3782
003 CHAP
008 220113s1980 xx 000 0 und d
010 _a163611
020 _a84-291-1829-2
040 _cCHAP
082 _a591.1 H55
100 _aHill, Richard W.
_955442
240 _aComparative physiology of animals an environmental approach
245 _aFisiología animal comparada : un enfoque ambiental /
_cRichard W. Hill; traducción Jesús Palomeque Rico; revisión José Planas Mestres
260 _aEspaña :
_bReverté,
_c1980
300 _aix, 901 p.
500 _aTraducción de la obra en inglés: Comparative physiology of animals an environmental approach
503 _aej.1: 208387
504 _aIncluye índice
650 _aFisiología animal
_941131
650 _aFisiología comparada
_941133
700 _a Palmas Mestres, José, rev.
_9137778
700 _aPalomeque Rico, Jesús, tr.
_9137779
901 _a591.1 H55
902 _aM
910 _a1980
942 _c1
942 _cc1
999 _c163611
_d163611